00461nam a2200145 i 450000100060000000300090000600500170001500700030003200800410003510000410007624500940011726000490021130000210026085200340028199519ES-MaACL20230906182517.0t|050912s1968 sp ||||1| spa d1 aMartín Tordesillas, Aurea María.14aLas abejas y la miel en la antigüedad clásica / cAurea María Martín Tordesillas. aMadrid : b[s.n.], c1968 (fGráf. Condor) a46 p. ; c24 cm. aES-MaACLj2062-F-38 bR.66232